| 000 | 00523nam a2200181 a 4500 | ||
|---|---|---|---|
| 005 | 20210219150953.0 | ||
| 008 | 991125s1967 mx 000 0 spa u | ||
| 035 | _aUPN01000024931 | ||
| 049 | _aCG | ||
| 050 | 4 |
_aHX526 _bS4.38 |
|
| 100 | 1 |
_aGramsci, Antonio, _d1891-1937 |
|
| 245 | 1 | 3 |
_aLa formación de los intelectuales / _cAntonio Gramsci ; tr. Angel González Vega. |
| 260 |
_aMéxico : _bGrijalbo, _c1967. |
||
| 300 | _a159 p. | ||
| 440 | 0 |
_aColección 70 ; _v2 |
|
| 650 | 4 |
_aINTELECTUALES - _zITALIA |
|
| 905 | _aLibro | ||
| 999 |
_c24931 _d24931 |
||